Los documentos secretos de la ITT. (Record no. 182959)

MARC details
000 -LEADER
campo de control de longitud fija 00658nam a22002051i 4500
001 - NÚMERO DE CONTROL
campo de control 182959
003 - IDENTIFICADOR DE NÚMERO DE CONTROL
campo de control ES-MaACL
005 - FECHA Y HORA DE LA ÚLTIMA TRANSACCIÓN
campo de control 20230906221743.0
008 - DATOS DE LONGITUD FIJA--INFORMACIÓN GENERAL
campo de control de longitud fija 140107s1972 sp |||| | spa d
080 ## - NÚMERO DE LA CLASIFICACIÓN DECIMAL UNIVERSAL
Número de la Clasificación Decimal Universal 32(83)"1961/1970
110 2# - ENTRADA PRINCIPAL--NOMBRE DE ENTIDAD CORPORATIVA
Nombre de entidad corporativa o nombre de jurisdicción como elemento de entrada International Telephone and Telegraph Corporation.
9 (RLIN) 154070
245 14 - MENCIÓN DEL TÍTULO
Título Los documentos secretos de la ITT.
260 ## - PUBLICACIÓN, DISTRIBUCIÓN, ETC.
Lugar de publicación, distribución, etc. Chile ;
-- [Madrid :
Nombre del editor, distribuidor, etc. [Fundamentos],
Fecha de publicación, distribución, etc. 1972.
300 ## - DESCRIPCIÓN FÍSICA
Extensión 106 p., 1 h. ;
Dimensiones 18 cm.
490 1# - MENCIÓN DE SERIE
Mención de serie Cuadernos prácticos ;
Designación de volumen o secuencia v. 3
651 #4 - PUNTO DE ACCESO ADICIONAL DE MATERIA--NOMBRE GEOGRÁFICO
Nombre geográfico Chile-
Subdivisión general Historia-
Subdivisión cronológica 1920-1973.
9 (RLIN) 141988
830 0# - PUNTO DE ACCESO ADICIONAL DE SERIE-TÍTULO UNIFORME
Título uniforme Cuadernos prácticos ;
Designación de volumen o secuencia v. 3
9 (RLIN) 191852
852 ## - LOCALIZACIÓN
Ubicación ES-MaACL
Número de control de estantería C-52699
Holdings
Estatus retirado Estado de pérdida Estado de daño No para préstamo Biblioteca de origen Biblioteca actual Ubicación en estantería Fecha de adquisición Fuente de adquisición Total de préstamos Signatura topográfica completa Código de barras Visto por última vez Precio de reemplazo Tipo de ítem Koha
        Biblioteca del Ateneo de Madrid Biblioteca del Ateneo de Madrid Depósito 2 07/01/2014     C-52699 1192294 23/02/2023 23/02/2023 Libro impreso